000 00440nam a2200181Ia 4500
005 20250220040527.0
008 240331s9999 xx 000 0 und d
082 _bANA
_21575
_a954
100 _aAnand, M
245 0 _aInthiyavin Kathai
250 _a2nd Edition
260 _aChennai
_bNew Century Book House Private Limited, 1991
300 _avii, 119 p.,
650 _aIndia
650 _aHistory
650 _aPoems
942 _cL
999 _c4278
_d4278